000 00596cam a22002171 4500
008
049 _aMAIN
090 _aTA805
100 1 _aSaxena, C. Subhash
245 1 0 _aTunnel engineering /
_cSubhash C. Saxena.
260 _aDelhi :
_bJ. C. Kapur,
_c1988.
300 _aviii, 175 p. :
_bill. ;
_c20 cm.
504 _aIncludes bibliographical references.
500 _aIncludes index.
650 0 _aTunneling.
907 _a.b10172075
_b22-08-05
_c18-08-05
003
005 20230123134051.0
040 _cNUST
942 _cBOOKS
_kTA805
999 _c159467
_d159467